[Event "Sochi Amateur op 6th"]
[Site "Sochi"]
[Date "2019.04.13"]
[Round "9"]
[White "Repkin, Alexander"]
[Black "Ivlev, Aleksey"]
[Result "1-0"]
[WhiteElo "2100"]
[BlackElo "2347"]
[PlyCount "95"]
[EventDate "2019.04.07"]
[EventType "swiss"]
[EventRounds "9"]
[EventCountry "RUS"]
[SourceTitle "CBM 189 Extra"]
[Source "ChessBase"]
[SourceDate "2019.06.03"]
[SourceVersion "1"]
[SourceVersionDate "2019.06.03"]
[SourceQuality "1"]

1. e4 c6 2. d3 g6 3. Nd2 Bg7 4. Ngf3 e5 5. g3 Ne7 6. Bg2 0-0 7. 0-0 f5 8. exf5 gxf5 9. Nc4 d6 10. d4 e4 11. Ng5 b5 12. Na3 h6 13. Nh3 b4 14. Nb1 Nd7 15. a3 bxa3 16. Rxa3 Nf6 17. c3 Ng6 18. Re1 Be6 19. Nd2 Qd7 20. Nf1 Rab8 21. Qe2 Rb7 22. Nf4 Nxf4 23. Bxf4 Nd5 24. Bc1 Qf7 25. f3 Nf6 26. Bf4 Re8 27. Qd2 Bd5 28. fxe4 Bxe4 29. Bxd6 Bxg2 30. Rxe8+ Nxe8 31. Qxg2 Nxd6 32. Qxc6 Nc4 33. Ra6 Rxb2 34. Qc8+ Kh7 35. Qc5 Nb6 36. Ne3 f4 37. Qf5+ Qxf5 38. Nxf5 Bf8 39. Rxa7+ Kg6 40. Nh4+ Kh5 41. Rf7 Bd6 42. Nf5 Ba3 43. Rg7 Rb1+ 44. Kg2 f3+ 45. Kh3 Rg1 46. g4+ Rxg4 47. Rxg4 Bd6 48. Ng7# 1-0

[Event "Sochi Amateur op 6th"]
[Site "Sochi"]
[Date "2019.04.10"]
[Round "5"]
[White "Shapiyanov, Adam"]
[Black "Repkin, Alexander"]
[Result "0-1"]
[WhiteElo "1903"]
[BlackElo "2100"]
[PlyCount "90"]
[EventDate "2019.04.07"]
[EventType "swiss"]
[EventRounds "9"]
[EventCountry "RUS"]
[SourceTitle "CBM 189 Extra"]
[Source "ChessBase"]
[SourceDate "2019.06.03"]
[SourceVersion "1"]
[SourceVersionDate "2019.06.03"]
[SourceQuality "1"]

1. e4 e6 2. d4 d5 3. Nd2 Nc6 4. Ngf3 Nf6 5. e5 Nd7 6. Bd3 Nb4 7. Be2 c5 8. c3 Nc6 9. 0-0 f6 10. Re1 fxe5 11. Nxe5 Ndxe5 12. dxe5 g6 13. Nf3 Bg7 14. Bg5 Qc7 15. Qd2 0-0 16. Bh6 Nxe5 17. Nxe5 Qxe5 18. Bg4 Qd6 19. Bxg7 Kxg7 20. Qe3 Rf6 21. h4 h5 22. Bh3 Bd7 23. Qg5 Raf8 24. f3 Re8 25. Re5 c4 26. Kh1 d4 27. Re4 dxc3 28. bxc3 Bc6 29. Rxc4 e5 30. Qe3 a5 31. Re1 a4 32. Rc5 e4 33. Rxc6 bxc6 34. fxe4 Qe5 35. g3 Re7 36. Bg2 Rd6 37. Kh2 Red7 38. Bf1 Rd2+ 39. Re2 R2d3 40. Qf4 Qxf4 41. gxf4 Rxc3 42. e5 a3 43. e6 Re7 44. Bg2 Kf6 45. Bh3 Rg7 0-1

[Event "Sochi Amateur op 6th"]
[Site "Sochi"]
[Date "2019.04.08"]
[Round "3"]
[White "Zakaryan, David"]
[Black "Repkin, Alexander"]
[Result "1-0"]
[WhiteElo "2352"]
[BlackElo "2100"]
[PlyCount "81"]
[EventDate "2019.04.07"]
[EventType "swiss"]
[EventRounds "9"]
[EventCountry "RUS"]
[SourceTitle "CBM 189 Extra"]
[Source "ChessBase"]
[SourceDate "2019.06.03"]
[SourceVersion "1"]
[SourceVersionDate "2019.06.03"]
[SourceQuality "1"]

1. d4 Nf6 2. Nf3 g6 3. c4 Bg7 4. Nc3 0-0 5. e4 d6 6. h3 c6 7. Be3 a6 8. a3 b5 9. Rc1 Bb7 10. Bd3 Nbd7 11. 0-0 e5 12. dxe5 dxe5 13. Qc2 Qe7 14. Rfd1 Rac8 15. Bf1 Rfd8 16. Qb1 Nf8 17. b4 Rxd1 18. Rxd1 Rd8 19. Rxd8 Qxd8 20. a4 bxa4 21. Nxa4 N6d7 22. c5 Ne6 23. Bc4 Ndf8 24. Nb6 h6 25. Qa2 g5 26. Nd2 h5 27. Nb3 g4 28. Qd2 Nd4 29. Na5 Qc7 30. hxg4 hxg4 31. Bxd4 exd4 32. Nxb7 Qxb7 33. Qf4 Ng6 34. Qxg4 Ne5 35. Qe2 Qe7 36. f4 Ng6 37. g3 a5 38. Nc8 Qc7 39. Nd6 Nh8 40. Qg4 Kf8 41. Qxg7+ 1-0

[Event "Tambov Korensky Memorial 26th"]
[Site "Tambov"]
[Date "2017.08.20"]
[Round "2"]
[White "Repkin, Alexander"]
[Black "Vlasov, Valery"]
[Result "1-0"]
[WhiteElo "2093"]
[BlackElo "1964"]
[PlyCount "59"]
[EventDate "2017.08.19"]
[EventType "swiss"]
[EventRounds "9"]
[EventCountry "RUS"]
[SourceTitle "CBM 180 Extra"]
[Source "ChessBase"]
[SourceDate "2017.10.06"]
[SourceVersion "1"]
[SourceVersionDate "2017.10.06"]
[SourceQuality "1"]

1. d4 d5 2. Nc3 Nf6 3. Bg5 Nbd7 4. e3 e6 5. e4 dxe4 6. Nxe4 Be7 7. Bxf6 Nxf6 8. Bd3 0-0 9. Nf3 b6 10. Nxf6+ Bxf6 11. Be4 Rb8 12. Qd3 h6 13. 0-0-0 c5 14. dxc5 Qxd3 15. Rxd3 bxc5 16. c3 Bb7 17. Re1 Bxe4 18. Rxe4 Rb7 19. Rc4 Rfb8 20. b3 Rc7 21. Kc2 Rbb7 22. Ra4 g5 23. Nd2 Be7 24. Nc4 f5 25. Ra6 Kf7 26. Re3 Rb8 27. Rexe6 h5 28. Ne5+ Ke8 29. Rh6 h4 30. Rae6 1-0

[Event "Tambov Korensky Memorial 26th"]
[Site "Tambov"]
[Date "2017.08.19"]
[Round "1"]
[White "Sapunov, Evgeny"]
[Black "Repkin, Alexander"]
[Result "1-0"]
[WhiteElo "2466"]
[BlackElo "2093"]
[PlyCount "71"]
[EventDate "2017.08.19"]
[EventType "swiss"]
[EventRounds "9"]
[EventCountry "RUS"]
[SourceTitle "CBM 180 Extra"]
[Source "ChessBase"]
[SourceDate "2017.10.06"]
[SourceVersion "1"]
[SourceVersionDate "2017.10.06"]
[SourceQuality "1"]

1. c4 g6 2. d4 Bg7 3. e4 d6 4. Nc3 Nf6 5. Nf3 0-0 6. Be2 Nc6 7. d5 Nb8 8. 0-0 c5 9. h3 Nfd7 10. Bg5 h6 11. Bh4 Ne5 12. Nxe5 Bxe5 13. f4 Bd4+ 14. Kh1 Bg7 15. Qc2 Na6 16. Rae1 Bf6 17. Bg3 Nc7 18. e5 Bf5 19. Bd3 Bxd3 20. Qxd3 Bg7 21. exd6 exd6 22. f5 g5 23. Ne4 Ne8 24. f6 Nxf6 25. Bxd6 Nd7 26. Bxf8 Qxf8 27. Ng3 Bxb2 28. Rb1 Bg7 29. Rxb7 Qc8 30. Rb5 Ne5 31. Qe4 a6 32. Nf5 Ng6 33. Rb6 Bf8 34. Rxg6+ fxg6 35. Ne7+ Bxe7 36. Qxg6+ 1-0

[Event "Voronezh op-B 20th"]
[Site "Voronezh"]
[Date "2016.06.18"]
[Round "6"]
[White "Repkin, Alexander"]
[Black "Bezhenar, Georgy"]
[Result "1-0"]
[WhiteElo "2081"]
[BlackElo "2007"]
[PlyCount "69"]
[EventDate "2016.06.12"]
[EventType "swiss"]
[EventRounds "9"]
[EventCountry "RUS"]
[SourceTitle "EXT 2017"]
[Source "ChessBase"]
[SourceDate "2016.10.25"]
[SourceVersion "1"]
[SourceVersionDate "2016.10.25"]
[SourceQuality "1"]

1. d4 e6 2. e4 d5 3. Nd2 Nc6 4. Ngf3 Nf6 5. e5 Nd7 6. c3 f6 7. Bb5 Be7 8. Qe2 0-0 9. 0-0 a6 10. Bd3 Qe8 11. exf6 Bxf6 12. Bc2 Kh8 13. Qd3 Qh5 14. Re1 e5 15. dxe5 Ndxe5 16. Qxd5 Bg4 17. Be4 Rae8 18. Qb3 Nxf3+ 19. Nxf3 Bxf3 20. gxf3 Be5 21. f4 Bxf4 22. Bxf4 Qg4+ 23. Bg3 Rxe4 24. Qxb7 Qf3 25. Rxe4 Qxe4 26. Qxc7 h5 27. h4 Rf6 28. Rd1 Rg6 29. Kh2 Rg4 30. Qd6 Ne5 31. Qd5 Qe2 32. Kh1 Rg6 33. Bxe5 Qxf2 34. Bh2 Rg4 35. Qxh5+ 1-0

[Event "Voronezh op-B 20th"]
[Site "Voronezh"]
[Date "2016.06.14"]
[Round "3"]
[White "Popov, Oleg1111"]
[Black "Repkin, Alexander"]
[Result "0-1"]
[WhiteElo "1940"]
[BlackElo "2081"]
[PlyCount "78"]
[EventDate "2016.06.12"]
[EventType "swiss"]
[EventRounds "9"]
[EventCountry "RUS"]
[SourceTitle "EXT 2017"]
[Source "ChessBase"]
[SourceDate "2016.10.25"]
[SourceVersion "1"]
[SourceVersionDate "2016.10.25"]
[SourceQuality "1"]

1. d4 d5 2. c4 e6 3. Nc3 Nf6 4. cxd5 exd5 5. Bg5 Be7 6. e3 c6 7. Bd3 0-0 8. Qc2 Nbd7 9. Nge2 Re8 10. 0-0 Nf8 11. f3 Ng6 12. h3 Nh5 13. Bxe7 Qxe7 14. e4 Nhf4 15. Nxf4 Nxf4 16. e5 Qh4 17. Bf5 Bxf5 18. Qxf5 Ne6 19. f4 Nxd4 20. Qd3 Ne6 21. Qf3 f6 22. Rae1 Nd4 23. Qd3 fxe5 24. fxe5 Ne6 25. Qf5 Qe7 26. Ne2 Rf8 27. Qg4 Rxf1+ 28. Rxf1 Re8 29. Nf4 Qg5 30. Nxe6 Qxg4 31. hxg4 Rxe6 32. Re1 Rg6 33. Rf1 Re6 34. Re1 Kf7 35. Kf2 Re7 36. Re3 Ke6 37. Ke2 d4 38. Ra3 b6 39. Rh3 g6 0-1

[Event "Chigorin Memorial 23rd"]
[Site "St Petersburg"]
[Date "2015.10.11"]
[Round "9"]
[White "Repkin, Alexander"]
[Black "Eraschenkov, Denis"]
[Result "0-1"]
[WhiteElo "2013"]
[BlackElo "2402"]
[PlyCount "66"]
[EventDate "2015.10.03"]
[EventType "swiss"]
[EventRounds "9"]
[EventCountry "RUS"]
[SourceTitle "CBM 168 Extra"]
[Source "ChessBase"]
[SourceDate "2015.10.29"]
[SourceVersion "1"]
[SourceVersionDate "2015.10.29"]
[SourceQuality "1"]

1. d4 Nf6 2. c4 g6 3. Nc3 Bg7 4. e4 d6 5. Nf3 0-0 6. Be2 e5 7. d5 a5 8. Be3 Ng4 9. Bg5 f6 10. Bh4 Na6 11. Nd2 Nh6 12. f3 Nc5 13. b3 Nf7 14. Bf2 f5 15. 0-0 Bh6 16. Rb1 fxe4 17. Ndxe4 Bf5 18. Nxc5 dxc5 19. Bd3 b6 20. Re1 Nd6 21. a4 Qf6 22. Bg3 Rae8 23. Be4 Bd7 24. Rb2 Nf5 25. Bxf5 gxf5 26. Rc2 Rf7 27. Kh1 Rg7 28. Qd3 e4 29. fxe4 Qd4 30. Qf3 fxe4 31. Rxe4 Rxe4 32. Qxe4 Rf7 33. Qe1 Bd2 0-1

[Event "Chigorin Memorial 23rd"]
[Site "St Petersburg"]
[Date "2015.10.07"]
[Round "5"]
[White "Repkin, Alexander"]
[Black "Pushkov, Nikolai"]
[Result "0-1"]
[WhiteElo "2013"]
[BlackElo "2314"]
[PlyCount "82"]
[EventDate "2015.10.03"]
[EventType "swiss"]
[EventRounds "9"]
[EventCountry "RUS"]
[SourceTitle "CBM 168 Extra"]
[Source "ChessBase"]
[SourceDate "2015.10.29"]
[SourceVersion "1"]
[SourceVersionDate "2015.10.29"]
[SourceQuality "1"]

1. Nf3 Nf6 2. d3 d5 3. Nbd2 e6 4. e4 b6 5. c3 Be7 6. Be2 0-0 7. 0-0 c5 8. Re1 Nc6 9. e5 Nd7 10. d4 a5 11. Bb5 Qc7 12. Nf1 Ba6 13. Bxa6 Rxa6 14. Qe2 Raa8 15. Bf4 cxd4 16. cxd4 Qb7 17. Rec1 b5 18. h4 Rfc8 19. Be3 a4 20. g3 Na5 21. Rxc8+ Rxc8 22. Rc1 Rxc1 23. Bxc1 Qc6 24. Qd1 Qc4 25. Bd2 Nc6 26. Ne3 Qd3 27. Qc2 Qxc2 28. Nxc2 f6 29. exf6 gxf6 30. Kf1 Kf7 31. Ke2 Nb6 32. b3 axb3 33. axb3 Nc8 34. Bc3 Nd6 35. Be1 Ne4 36. Nd2 Nc3+ 37. Kd3 Na2 38. g4 e5 39. f3 Nc1+ 40. Ke3 Nxd4 41. Nxd4 Bc5 0-1

[Event "Chigorin Memorial 23rd"]
[Site "St Petersburg"]
[Date "2015.10.03"]
[Round "1"]
[White "Kotlyar, Kirill"]
[Black "Repkin, Alexander"]
[Result "1-0"]
[WhiteElo "2370"]
[BlackElo "2013"]
[PlyCount "123"]
[EventDate "2015.10.03"]
[EventType "swiss"]
[EventRounds "9"]
[EventCountry "RUS"]
[SourceTitle "CBM 168 Extra"]
[Source "ChessBase"]
[SourceDate "2015.10.29"]
[SourceVersion "1"]
[SourceVersionDate "2015.10.29"]
[SourceQuality "1"]

1. e4 e6 2. Qe2 c5 3. Nf3 d5 4. exd5 Qxd5 5. Nc3 Qd8 6. g3 Nc6 7. Bg2 Nge7 8. d3 Nf5 9. 0-0 Be7 10. Bf4 0-0 11. Ne5 Ncd4 12. Qd2 f6 13. Nc4 e5 14. Be3 Rb8 15. a4 Be6 16. b3 b6 17. Rae1 Qd7 18. f4 Nxe3 19. Nxe3 exf4 20. gxf4 Rbe8 21. Ncd5 Bd6 22. Qd1 Bb8 23. Kh1 Bh3 24. Bxh3 Qxh3 25. c3 Qd7 26. b4 Kh8 27. b5 Ne6 28. Qf3 Nd8 29. c4 Nb7 30. Qh5 Bd6 31. Rg1 Qf7 32. Qxf7 Rxf7 33. Nf5 Ref8 34. Re6 Bb8 35. Nfe7 Nd8 36. Re2 g6 37. Ra1 Kg7 38. a5 bxa5 39. Rxa5 g5 40. Ra6 gxf4 41. Kg2 Re8 42. Nf5+ Kf8 43. Rxe8+ Kxe8 44. Kf3 Kd7 45. Nxf6+ Kc8 46. Nd6+ Bxd6 47. Rxd6 Re7 48. Nd5 Rf7 49. h4 Nb7 50. Rf6 Rg7 51. Kxf4 Na5 52. h5 Nb3 53. h6 Rg1 54. Rf8+ Kd7 55. Rf7+ Ke6 56. Rxh7 Nd4 57. Re7+ Kd6 58. h7 Rh1 59. Rxa7 Ne6+ 60. Kg4 Ke5 61. Re7 Kd6 62. b6 1-0

[Event "Voronezh op-B 18th"]
[Site "Voronezh"]
[Date "2014.06.20"]
[Round "9"]
[White "Chernov, Vladimir1111"]
[Black "Repkin, Alexander"]
[Result "0-1"]
[WhiteElo "1931"]
[BlackElo "2086"]
[PlyCount "104"]
[EventDate "2014.06.12"]
[EventType "swiss"]
[EventRounds "9"]
[EventCountry "RUS"]
[SourceTitle "EXT 2015"]
[Source "ChessBase"]
[SourceDate "2014.11.20"]
[SourceVersion "1"]
[SourceVersionDate "2014.11.20"]
[SourceQuality "1"]

1. d4 Nf6 2. c4 d6 3. Nc3 g6 4. e4 Bg7 5. f3 0-0 6. Be3 e5 7. d5 Ne8 8. Qd2 f5 9. 0-0-0 a6 10. Kb1 Nd7 11. Nge2 Nc5 12. Nc1 Bd7 13. Bd3 f4 14. Bf2 Qb8 15. b4 Na4 16. Nb3 Rf7 17. Ka1 Bf8 18. c5 Nxc3 19. Qxc3 Ba4 20. Rb1 Qd8 21. Rhc1 Qg5 22. Bf1 Bb5 23. Qe1 Bd7 24. Rb2 Qd8 25. Na5 Bc8 26. Rcb1 g5 27. Qc3 g4 28. b5 dxc5 29. bxa6 b6 30. Nc6 Qd6 31. Nxe5 Bg7 32. Nxf7 Kxf7 33. Qa3 gxf3 34. gxf3 c4 35. Qxd6 Nxd6 36. Rd1 Bxa6 37. Bd4 Bxd4 38. Rxd4 Kf6 39. Rc2 Ke5 40. Rdd2 Bb5 41. Rg2 Ra3 42. Be2 Re3 43. Rf2 c3 44. Kb1 Ba4 45. Rc1 b5 46. Rg1 b4 47. Bd1 Bb5 48. Rfg2 Nc4 49. Rg7 Na3+ 50. Kc1 c2 51. Rxc7 cxd1Q+ 52. Rxd1 Ba4 0-1

[Event "Voronezh op-B 18th"]
[Site "Voronezh"]
[Date "2014.06.18"]
[Round "7"]
[White "Kozlov, Sergej A"]
[Black "Repkin, Alexander"]
[Result "0-1"]
[WhiteElo "1954"]
[BlackElo "2086"]
[PlyCount "152"]
[EventDate "2014.06.12"]
[EventType "swiss"]
[EventRounds "9"]
[EventCountry "RUS"]
[SourceTitle "EXT 2015"]
[Source "ChessBase"]
[SourceDate "2014.11.20"]
[SourceVersion "1"]
[SourceVersionDate "2014.11.20"]
[SourceQuality "1"]

1. d4 Nf6 2. c4 d6 3. Nc3 Nbd7 4. e4 e5 5. Nf3 Be7 6. Be2 0-0 7. 0-0 Re8 8. Qc2 c6 9. a3 Bf8 10. Re1 h6 11. b4 Qc7 12. Bb2 exd4 13. Nxd4 Ne5 14. Rad1 Ng6 15. Bf1 Bd7 16. f3 Rad8 17. Nce2 Qb6 18. Ng3 Nh4 19. Qf2 Nh7 20. Kh1 Ng6 21. Qd2 Ne7 22. Qc3 Ng5 23. Nc2 Qc7 24. Nh5 Ne6 25. Ne3 c5 26. Ng4 Nd4 27. Nxh6+ Kh7 28. Nxf7 Ba4 29. Rd2 Rc8 30. Nf4 Kg8 31. Ng5 Bd7 32. Qd3 Nec6 33. b5 Ne5 34. Qe3 Qd8 35. Nd5 b6 36. Bxd4 cxd4 37. Rxd4 Rc5 38. Nh3 Bxh3 39. gxh3 Qh4 40. Rc1 Re6 41. Bg2 g5 42. f4 gxf4 43. Qxf4 Qxf4 44. Nxf4 Rf6 45. Nd3 Rc7 46. Nxe5 dxe5 47. Rd8 Rd6 48. Rxd6 Bxd6 49. a4 a5 50. Bf1 Bc5 51. Rd1 Rf7 52. Bd3 Rf2 53. Rg1+ Kh7 54. Rc1 Ra2 55. Rc2 Rxa4 56. Kg2 Kh6 57. Kf3 Ra1 58. Kg4 Kg6 59. h4 Rg1+ 60. Kf3 Rd1 61. Be2 Ra1 62. Kg4 a4 63. h5+ Kh6 64. Kf5 Bd4 65. Ke6 a3 66. Kd5 Bb2 67. c5 a2 68. Rxb2 Rd1+ 69. Bxd1 a1Q 70. Rd2 Qc3 71. Rc2 Qd4+ 72. Ke6 Qxd1 73. Rc3 Qd4 74. Rg3 Qxc5 75. Kf5 Qxb5 76. Rg6+ Kxh5 0-1

[Event "Voronezh op-B 18th"]
[Site "Voronezh"]
[Date "2014.06.17"]
[Round "6"]
[White "Repkin, Alexander"]
[Black "Kochukova, Anna"]
[Result "1-0"]
[WhiteElo "2086"]
[BlackElo "1888"]
[PlyCount "99"]
[EventDate "2014.06.12"]
[EventType "swiss"]
[EventRounds "9"]
[EventCountry "RUS"]
[SourceTitle "EXT 2015"]
[Source "ChessBase"]
[SourceDate "2014.11.20"]
[SourceVersion "1"]
[SourceVersionDate "2014.11.20"]
[SourceQuality "1"]

1. d4 Nf6 2. Nc3 d5 3. Bg5 c6 4. Qd2 Nbd7 5. f3 e5 6. dxe5 Nxe5 7. e4 Bb4 8. a3 Bxc3 9. Qxc3 d4 10. Qc5 Nfd7 11. Bxd8 Nxc5 12. Bc7 f6 13. 0-0-0 Ne6 14. Ba5 c5 15. h3 Bd7 16. Bd2 g5 17. g3 Bc6 18. Re1 b5 19. f4 Nc4 20. Bxc4 bxc4 21. Rh2 gxf4 22. gxf4 Rg8 23. f5 Nc7 24. Bf4 0-0-0 25. Nf3 Rde8 26. Rhe2 d3 27. Re3 Nb5 28. c3 Rg7 29. Nd2 Rge7 30. a4 Nc7 31. Nxc4 d2+ 32. Nxd2 Bxa4 33. Bd6 Rd7 34. Bxc5 Red8 35. R3e2 Na6 36. Bd4 Nb4 37. Rg1 Nd3+ 38. Kb1 Rb7 39. b3 Bb5 40. Reg2 Nf4 41. Rg8 Bd3+ 42. Kb2 Rbd7 43. Bxf6 Rxg8 44. Rxg8+ Kb7 45. h4 Ka6 46. Rg7 Bb5 47. Nf3 Rd1 48. Bd4 Nd3+ 49. Kc2 Rc1+ 50. Kd2 1-0

[Event "Moscow op-B"]
[Site "Moscow"]
[Date "2009.02.07"]
[Round "8"]
[White "Ivanets, Vladimir"]
[Black "Repkin, Alexander"]
[Result "1-0"]
[WhiteElo "2223"]
[BlackElo "2098"]
[PlyCount "95"]
[EventDate "2009.01.31"]
[EventType "swiss"]
[EventRounds "9"]
[EventCountry "RUS"]
[SourceTitle "EXT 2012"]
[Source "ChessBase"]
[SourceDate "2011.11.24"]
[SourceVersion "1"]
[SourceVersionDate "2011.11.24"]
[SourceQuality "1"]

1. b4 b6 2. Nf3 Bb7 3. e3 e6 4. Bb2 Nf6 5. a3 Be7 6. Be2 0-0 7. 0-0 c5 8. bxc5 Bxc5 9. d4 Be7 10. c4 d6 11. Nc3 Nbd7 12. a4 Qb8 13. Ba3 Rc8 14. Qb3 a6 15. Rfb1 Qc7 16. Ne5 Rab8 17. Nxd7 Nxd7 18. Bb2 Ba8 19. Qd1 Bd8 20. Rc1 Nf6 21. h3 Qe7 22. Ba3 Ne8 23. e4 Qg5 24. Qf1 Bb7 25. Rab1 Qd2 26. Bd3 Bf6 27. Rc2 Qg5 28. Ne2 Qa5 29. Ra1 Bc6 30. Rb2 Bd7 31. f4 Qh5 32. Bb4 g5 33. e5 dxe5 34. fxe5 Bd8 35. g4 Qh6 36. Ng3 Bc6 37. Ne4 a5 38. Bc3 Rb7 39. Rf2 Rd7 40. Nd6 Nxd6 41. exd6 Ba8 42. Re1 Qg7 43. Bb2 Rxd6 44. d5 f6 45. Ba3 Rd7 46. Rxe6 Qh6 47. Re8+ Kf7 48. Rh8 1-0

[Event "Moscow op-B"]
[Site "Moscow"]
[Date "2009.02.04"]
[Round "5"]
[White "Repkin, Alexander"]
[Black "Volkov, Anton"]
[Result "1-0"]
[WhiteElo "2098"]
[BlackElo "2268"]
[PlyCount "71"]
[EventDate "2009.01.31"]
[EventType "swiss"]
[EventRounds "9"]
[EventCountry "RUS"]
[SourceTitle "EXT 2012"]
[Source "ChessBase"]
[SourceDate "2011.11.24"]
[SourceVersion "1"]
[SourceVersionDate "2011.11.24"]
[SourceQuality "1"]

1. e4 Nf6 2. e5 Nd5 3. d4 d6 4. Nf3 Bg4 5. Be2 c6 6. 0-0 Bxf3 7. Bxf3 dxe5 8. dxe5 e6 9. Qe2 Qc7 10. c4 Ne7 11. b3 Nd7 12. Bb2 Ng6 13. Re1 Bb4 14. Nd2 Ngxe5 15. Be4 0-0-0 16. Bc2 Bxd2 17. Qxd2 Ng4 18. g3 Nde5 19. Qc3 Rd2 20. Be4 Rhd8 21. Rf1 f5 22. Bg2 Qf7 23. Bc1 Qh5 24. h3 Rxf2 25. Rxf2 Nxf2 26. Qxe5 Nd3 27. Qxe6+ Rd7 28. Bf4 Nxf4 29. gxf4 Kc7 30. Re1 Qh4 31. Qe5+ Kc8 32. Kh2 g5 33. Rf1 g4 34. Qxf5 g3+ 35. Kh1 Qe7 36. Rd1 1-0

[Event "Moscow op-B"]
[Site "Moscow"]
[Date "2009.02.03"]
[Round "4"]
[White "Borisov, Evgenij"]
[Black "Repkin, Alexander"]
[Result "0-1"]
[WhiteElo "1400"]
[BlackElo "2098"]
[PlyCount "86"]
[EventDate "2009.01.31"]
[EventType "swiss"]
[EventRounds "9"]
[EventCountry "RUS"]
[SourceTitle "EXT 2012"]
[Source "ChessBase"]
[SourceDate "2011.11.24"]
[SourceVersion "1"]
[SourceVersionDate "2011.11.24"]
[SourceQuality "1"]

1. d4 Nf6 2. Bg5 Ne4 3. Bf4 c5 4. f3 Nf6 5. dxc5 Qa5+ 6. Qd2 Qxc5 7. Nc3 Nc6 8. e4 d6 9. Nb5 Qb6 10. Be3 Qd8 11. Bc4 a6 12. Nd4 e5 13. Nxc6 bxc6 14. 0-0-0 h6 15. Ne2 Be7 16. Kb1 0-0 17. g4 Be6 18. Bxe6 fxe6 19. Ng3 Ne8 20. h4 Rxf3 21. Nf5 exf5 22. gxf5 Rxe3 23. Qxe3 Bxh4 24. Rdg1 Bg5 25. Qb3+ Kf8 26. Qb7 Qc8 27. Qb4 Rb8 28. Qc4 Qb7 29. b3 d5 30. Qc5+ Kg8 31. exd5 cxd5 32. Rd1 Nf6 33. Qd6 Re8 34. Rh3 Qc8 35. Kb2 Qxf5 36. Rc3 Qe6 37. Qc7 e4 38. Rc6 Qg4 39. Rf1 e3 40. Qh2 e2 41. Re1 Qd4+ 42. Ka3 Bd2 43. Rxe2 Bc1# 0-1